000 00335nam a2200145Ia 4500
008 150201s2014 xx 000 0 und d
082 _a612.015
_bB14S
100 _aSATYANARAYANA, U.
245 _aBIOCHEMISTRY
250 _a4TH
260 _bELSEVIER
_aINDIA
_c2014
300 _a800
650 _aBIOCHEMISTRY
942 _2ddc
_cBK
_0196
999 _c2263
_d2263